| 000 -LEADER |
| fixed length control field |
00333nam a22001217a 4500 |
| 008 - FIXED-LENGTH DATA ELEMENTS--GENERAL INFORMATION |
| fixed length control field |
250312b ||||| |||| 00| 0 eng d |
| 020 ## - INTERNATIONAL STANDARD BOOK NUMBER |
| International Standard Book Number |
9780711269804 |
| 082 ## - DEWEY DECIMAL CLASSIFICATION NUMBER |
| Classification number |
960 CHA |
| 100 ## - MAIN ENTRY--PERSONAL NAME |
| Personal name |
CHAKANETSA,KIM |
| Relator term |
AUTHOR |
| 245 ## - TITLE STATEMENT |
| Title |
AFRICANA |
| 260 ## - PUBLICATION, DISTRIBUTION, ETC. |
| Name of publisher, distributor, etc. |
WIDE EYED EDITIONS |
| Date of publication, distribution, etc. |
100 CUMMINGS CENTRE,SUITE 265D,BEVERLY,MA 01915 USA. |
| 942 ## - ADDED ENTRY ELEMENTS (KOHA) |
| Source of classification or shelving scheme |
|